[Event "Aragon-chT Preferente-A"]
[Site "Spain"]
[Date "2011.03.12"]
[Round "6.4"]
[White "Gomez Salinas, Nestor"]
[Black "Gregorio Cabello, Alberto"]
[Result "1-0"]
[WhiteElo "1845"]
[BlackElo "1837"]
[PlyCount "131"]
[EventDate "2011.02.05"]
[EventType "team-tourn"]
[EventRounds "9"]
[EventCountry "ESP"]
[SourceTitle "EXT 2013"]
[Source "ChessBase"]
[SourceDate "2012.11.22"]
[SourceVersion "1"]
[SourceVersionDate "2012.11.22"]
[SourceQuality "1"]
[WhiteTeam "Ramiro III"]
[BlackTeam "Escaque 65"]
[WhiteTeamCountry "ESP"]
[BlackTeamCountry "ESP"]

1. e4 e6 2. d4 d5 3. Nc3 dxe4 4. Nxe4 Nd7 5. Bd3 Ngf6 6. Ne2 b6 7. Bf4 Bb7 8. f3 Be7 9. Qd2 Nd5 10. c3 a6 11. a3 N7f6 12. Be5 Bd6 13. c4 Ne7 14. Bxf6 Bxe4 15. Bxe7 Qxe7 16. Bxe4 Rd8 17. Bc6+ Kf8 18. Qe3 Qh4+ 19. g3 Qh5 20. Nf4 Qf5 21. Be4 Qf6 22. Rd1 g6 23. b4 Kg7 24. 0-0 h5 25. c5 Be7 26. Bb7 Kh7 27. Rfe1 bxc5 28. bxc5 Rxd4 29. Qxd4 Qxd4+ 30. Rxd4 Bxc5 31. Red1 e5 32. Kg2 exd4 33. Nd5 Rd8 34. Rc1 Bd6 35. Bxa6 Bxa3 36. Ra1 Rxd5 37. Rxa3 Kg7 38. f4 g5 39. Kf3 c5 40. Bc4 g4+ 41. Ke4 Rd7 42. Ra5 Re7+ 43. Kd5 Re3 44. Kxc5 d3 45. Ra2 h4 46. gxh4 Rf3 47. Rd2 Rxf4 48. Bxd3 Kh6 49. Kd5 Kh5 50. Ke5 Rf3 51. Be2 Rh3 52. Kf4 Rxh4 53. Rd8 Kg6 54. Kg3 Rh3+ 55. Kg2 f5 56. Rf8 Re3 57. Bf1 Re7 58. Bd3 Rf7 59. Rg8+ Kh7 60. Rxg4 Rg7 61. Bxf5+ Kh8 62. h3 Rf7 63. Be4 Rg7 64. Kg3 Re7 65. Kf4 Re6 66. Rh4+ 1-0

[Event "Aragon-chT Preferente-A"]
[Site "Spain"]
[Date "2011.02.19"]
[Round "3.4"]
[White "Gregorio Cabello, Alberto"]
[Black "Alvarez Gonzalo, Miguel Angel"]
[Result "0-1"]
[WhiteElo "1837"]
[BlackElo "1995"]
[PlyCount "63"]
[EventDate "2011.02.05"]
[EventType "team-tourn"]
[EventRounds "9"]
[EventCountry "ESP"]
[SourceTitle "EXT 2013"]
[Source "ChessBase"]
[SourceDate "2012.11.22"]
[SourceVersion "1"]
[SourceVersionDate "2012.11.22"]
[SourceQuality "1"]
[WhiteTeam "Escaque 65"]
[BlackTeam "St Casablanca III"]
[WhiteTeamCountry "ESP"]
[BlackTeamCountry "ESP"]

1. e4 c5 2. Nf3 d6 3. Nc3 Nc6 4. d4 cxd4 5. Nxd4 Nf6 6. Nb3 a6 7. Bd3 e6 8. 0-0 Be7 9. Bf4 0-0 10. Re1 Ne5 11. Bxe5 dxe5 12. Bf1 Qc7 13. a3 b5 14. Na2 Bb7 15. f3 Rac8 16. c3 Nd7 17. Nb4 a5 18. Nd3 Rfd8 19. Qc2 b4 20. axb4 axb4 21. Rec1 bxc3 22. bxc3 Bg5 23. Nd2 Nc5 24. Kh1 Nxd3 25. Bxd3 Qd6 26. Ra7 Qxd3 27. Rxb7 Qxc2 28. Rxc2 Rxd2 29. Rxd2 Bxd2 30. c4 Kf8 31. Rb2 Bc3 32. Kg1 0-1